| 000 | 00760nam a22002417a 4500 | ||
|---|---|---|---|
| 003 | UA-OsUOA | ||
| 001 | 129638 | ||
| 007 | ta | ||
| 008 | 20180315b un ||||| |||| 00| 0 ukr d | ||
| 100 | _aЯссін А. | ||
| 090 |
_a297 _bЯ84 |
||
| 942 | _cBK | ||
| 040 |
_aUA-OsUOA _bukr _cUA-OsUOA _dUA-OsUOA |
||
| 245 | _aВипробування мусульманського розуму: між владою одкровення та панування сліпої волі | ||
| 300 | _a104 с. | ||
| 955 | _a1 | ||
| 041 | _aukr | ||
| 080 | _a297 | ||
| 020 | _a978-966-2254-77-8 | ||
| 260 |
_aОстрог-Брюссель _bОстрозька академія _c2013 |
||
| 650 | 7 |
_a29 Нехристиянські релігії _2UDC |
|
| 999 |
_c417497 _d417497 |
||